<?xml version="1.0" encoding="UTF-8"?>
<collection xmlns="http://www.loc.gov/MARC21/slim">
 <record>
  <leader>00463pamaa2200133   4500</leader>
  <controlfield tag="001">0000013661</controlfield>
  <controlfield tag="005">20090320090000.0</controlfield>
  <datafield tag="020" ind1="0" ind2="0">
   <subfield code="a">18549730002 </subfield>
  </datafield>
  <datafield tag="090" ind1="0" ind2="0">
   <subfield code="a">PE1625 </subfield>
   <subfield code="b">BBC 1993</subfield>
  </datafield>
  <datafield tag="245" ind1="0" ind2="0">
   <subfield code="a">BBC English dictionary : </subfield>
   <subfield code="b">pronunciation guide  </subfield>
   <subfield code="c">British Broadcasting Corporation [</subfield>
   <subfield code="m">audiocassette].</subfield>
  </datafield>
  <datafield tag="260" ind1="0" ind2="0">
   <subfield code="a">London: </subfield>
   <subfield code="b">Harper Collins, </subfield>
   <subfield code="c">1993.</subfield>
  </datafield>
  <datafield tag="300" ind1=" " ind2=" ">
   <subfield code="a">Accompany with book acc. no. 00129.</subfield>
  </datafield>
  <datafield tag="650" ind1="0" ind2="0">
   <subfield code="a">English language -- </subfield>
   <subfield code="x">Dictionaries </subfield>
  </datafield>
  <datafield tag="710" ind1="1" ind2="1">
   <subfield code="a">British Broadcasting Corporation </subfield>
  </datafield>
 </record>
</collection>
